000 00963nam a22002295i 4500
001 167763
003 ES-MaACL
005 20250717063049.0
008 050928m18231824fr | |||||||| ||fre d
040 _aCAM
_bspa
_cCAM
100 0 _aVoltaire,
_d1694-1778
_9115721
245 1 0 _aDictionnaire philosophique /
_cde Voltaire.
260 _aParis :
_bP. Dupont, libraire-éditeur,
_c1823-1824 (
_fImprimerie de Gaultier-Laguionie)
300 _a7 v. ;
_c21 cm.
490 1 _aOeuvres complètes de Voltaire ;
_v36 ; 37 ; 38 ; 39
597 _aT. I. 1823 (548 p.) -- T. II. 1824 (538 p.) -- T. III. 1824 (548 p.) -- T. IV. (552 p.) -- T. V. 1824 (548 p.) -- T. VI. 1824 (540 p.) -- T. VII. 1824 (548 p.)
650 4 _aFilosofía-
_vDiccionarios.
_912806
700 1 _aDupont, Paul,
_eed.
_946109
830 0 _aOeuvres complètes de Voltaire ;
_v36 ; 37 ; 38 ; 39
_9188721
852 _aES-MaACL
_jF-7556-7562
_z-- Enc. hol.
999 _c167763
_d167763